000 00524nam a2200193 i 4500
001 bgj
100 1 _aWELLS, J. C.
245 1 0 _aLongman Pronunciation Dictionary :
_bnew edition /
_cJ. C. Wells.
260 _aHarlow :
_bLongman,
_c2000.
300 _aXXVI, 869, [1] pp ;
_c22 cm.
650 9 _aEnglish language
_xPronunciation
655 _aDictionaries
020 _a0582364671 (pbk)
040 _cBPK
041 0 _aeng
920 _a0-582-36467-1 (pbk)
942 _cKS
008 s uk f |000 0 eng
999 _c48320
_d48320
856 _uhttp://koha.tu.koszalin.pl/cgi-bin/koha/opac-detail.pl?biblionumber=48320
_yKatalog online BPK